000 01524nam a2200385 a 4500
001 ebr10682355
003 CaPaEBR
006 m u
007 cr cn|||||||||
008 130107s2013 njuad sb 001 0 eng d
010 _z 2012050118
020 _z9781444339697 (cloth)
020 _z9781444339680
020 _z9780470905654
020 _z9781118483176 (e-book)
040 _aCaPaEBR
_cCaPaEBR
035 _a(OCoLC)841168663
050 1 4 _aGB631
_b.W37 2013eb
082 0 4 _a551.3/75
_223
100 1 _aWarren, Andrew.
245 1 0 _aDunes
_h[electronic resource] :
_bdynamics, morphology, history /
_cAndrew Warren.
260 _aHoboken, N.J. :
_bWiley/Blackwell,
_c2013.
300 _axiv, 219 p. :
_bill.
490 1 _aRGS-IBG book series
504 _aIncludes bibliographical references and index.
505 0 _apt. 1. <10 m[superscript]2; <10 years -- pt. 2. 1000 to 10,000 m[superscript]2; 100 to 1000 years -- pt. 3. >0.3 mm; <2,200,000,000 years -- pt. 4. Care.
533 _aElectronic reproduction.
_bPalo Alto, Calif. :
_cebrary,
_d2013.
_nAvailable via World Wide Web.
_nAccess may be limited to ebrary affiliated libraries.
650 0 _aSand dunes
_xHistory.
650 0 _aGeomorphology.
650 0 _aSand dunes
_xEnvironmental aspects.
655 7 _aElectronic books.
_2local
710 2 _aebrary, Inc.
830 0 _aRGS-IBG book series.
856 4 0 _uhttp://site.ebrary.com/lib/rucke/Doc?id=10682355
_zAn electronic book accessible through the World Wide Web; click to view
999 _c61445
_d61445